000 07163namaa22004331i 4500
003 EG-GICUC
005 20260224114718.0
008 260213s2025 ua a|||frm||| 000 0 eng d
040 _aEG-GICUC
_beng
_cEG-GICUC
_dEG-GICUC
_erda
041 0 _aeng
_beng
_bara
049 _aDeposit
082 0 4 _a615.82
092 _a615.82
_221
097 _aPh.D
099 _aCai01.21.03.Ph.D.2025.Di.C
100 0 _aDina Samy Abd-Alkareem Kassem,
_epreparation.
245 1 4 _aThe combined effect of different doses of high intensity laser and specific exercise program on pain and function in chronic knee osteoarthritis patients /
_cby Dina Samy Abd-Alkareem Kassem ; Supervisors Prof. Dr. Bassem Gala Eldein El Nahass, Dr. Mona Mohamed Ibrahim.
246 1 5 _aالتأثير المترابط لجرعات مختلفة من الليزر عالي الكثافة وبرنامج تمرينات محددة على الالم والوظائف لدي مرضى خشونة الركبة المزمنة
264 0 _c2025.
300 _a65 pages :
_billustrations ;
_c25 cm. +
_eCD.
336 _atext
_2rda content
337 _aUnmediated
_2rdamedia
338 _avolume
_2rdacarrier
502 _aThesis (Ph.D)-Cairo University, 2025.
504 _aBibliography: pages 50-65.
520 3 _aBackground: High-Intensity Laser Therapy (HILT) is effective in alleviating pain and enhancing functionality in knee osteoarthritis. No recommendations exist for the best dosages and treatment protocols of HILT in individuals with chronic knee osteoarthritis. Objectives: to assess the synergistic effects of varying dosages of high-intensity laser therapy (HILT) and specific exercise program on pain and function in chronic knee OA patients. Methods: Fifty-one third-degree chronic knee osteoarthritis patients aged 50-70 years were randomly allocated into three equal groups. Seventeen patients in Group (A) received exercise regimens and High-Intensity Laser Therapy (HILT) at an intensity of 1500 J. Group (B) consisted of 17 patients who received exercises and HILT treatment at a 3000 J intensity. Group (C) consisted of 17 patients who received sham laser treatment and exercise therapy. Pain and functionality were assessed by the Numerical Pain Rating Scale (NPRS) and the Western Ontario and McMaster Universities Osteoarthritis Scale (WOMAC), respectively. Groups were evaluated before and immediately after a six-week treatment period. Results: The results of a Mixed Design Multivariate Analysis of Variance (MANOVA) showed that the three groups' pain and functional disability significantly decreased after treatment (p < 0.001). Significant differences were observed between both active groups (A&B) and the control group for pain intensity and functional disability. Between groups A and B, there was no significant change in pain or functional disability (p > 0.05). However, the descriptive analysis revealed that Group (B) had greater percentages of pain and functional improvement than Group (A). Conclusion: In patients with chronic knee osteoarthritis, using HILT with a total energy of 1500 J or 3000 J combined with exercises can reduce pain and improve functional activity. To save time and energy, it might be beneficial to use 1500 J.
520 3 _aالخلفية: يبدو أن العلاج بالليزر عالي الكثافة فعال في تخفيف الألم وتحسين الأداء الوظيفي لمرضى التهاب مفصل الركبة المزمن. لا توجد توصيات بشأن أفضل جرعات وبروتوكولات علاجالليزرعاليالكثافة للأفراد المصابين التهاب مفصل الركبةالمزمن. الأهداف: تبحث هذه الدراسة في كيفية تأثير الجرعات المختلفة من طاقة الليزر عالي الكثافة على ألم ووظيفة التهاب مفصل الركبة المزمن. الطريقة: تم توزيع واحد وخمسين مريضًا مصابًا التهابمفصلالركبةالمزمن من الدرجة الثالثة، تتراوح أعمارهم بين 50 و70 عامًا، عشوائيًا على ثلاث مجموعات متساوية. تلقى 17 مريضًا في المجموعة (أ) برامج تمارين وعلاجًا بالليزر عالي الكثافة بشدة ١٥٠٠ جول. تألفت المجموعة (ب) من 17 مريضًا تلقوا تمارين وعلاجًا بالليزر عالي الكثافة بشدة ٣٠٠٠ جول. تألفت المجموعة (ج) من 17 مريضًا تلقوا علاجًا بالليزر الوهمي إلى جانب العلاج بالتمارين. تم تقييم الألم والوظيفة باستخدام مقياس تقييم الألم العددي ومقياس هشاشة العظام لجامعتي غرب أونتاريو وماك ماستر على التوالي. تم تقييم المجموعات قبل وبعد فترة علاج مدتها ستة أسابيع. النتائج: أظهرت نتائج تحليل التباين متعدد المتغيرات ذو التصميم المختلط أن الألم والإعاقة الوظيفية للمجموعات الثلاث قد انخفضا بشكل ملحوظ بعد العلاج. لوحظت فروق ذات دلالة إحصائية بين المجموعتين النشطتين (أ& ب) ومجموعة التحكم في شدة الألم والإعاقة الوظيفية. بين المجموعتين أ وب، لم يكن هناك تغيير كبير في الألم أو الإعاقة الوظيفية. ومع ذلك، كشف التحليل الوصفي أن المجموعة (ب) لديها نسب مئوية أكبر من الألم والتحسن الوظيفي من المجموعة (أ). الاستنتاج: في المرضى الذين يعانون منالتهابمفصل الركبة المزمن، يمكن أن يؤدي استخدام العلاج بالليزر عالي الكثافة بطاقة إجمالية تبلغ ١٥٠٠ جول أو ٣٠٠٠جول مع التمارين إلى تقليل الألم وتحسين النشاط الوظيفي. لتوفير الوقت والجهد، قد يكون استخدام ١٥٠٠ جول أكثر حفاظاعلى الوقت والجهد وفعال.
530 _aIssues also as CD.
546 _aText in English and abstract in Arabic & English.
650 0 _aPhysical Therapy
650 0 _aالعلاج الطبيعي
653 1 _ahigh intensity laser therapy
_aknee osteoarthritis
_apain
_afunction
_ahigh power laser
_aالعلاج بالليزر عالي الكثافة
_aالتهاب مفصل الركبة
700 0 _aBassem Gala Eldein El Nahass
_ethesis advisor.
700 0 _aMona Mohamed Ibrahim
_ethesis advisor.
900 _b01-01-2025
_cBassem Gala Eldein El Nahass
_cMona Mohamed Ibrahim
_UCairo University
_FFaculty of Physical Therapy
_DDepartment of Physical Therapy for Musculoskeletal Disorders and its Surgery
905 _aShimaa
_eEman Ghareb
942 _2ddc
_cTH
_e21
_n0
999 _c178432